Statistics for Capital and Country Sets by Last 2 Letters #2

Click here to take the quiz!

General Stats

  • This quiz has been taken 16 times
  • The average score is 12 of 20

Answer Stats

Capital EndingCountry EndingCapital and Country% Correct
-ST,-RYBudapest, Hungary
92%
-RE-WEHarare, Zimbabwe
92%
-EV,-NEKiev, Ukraine
92%
-IK,-NDReykjavik, Iceland
92%
-TI,-LUFunafuti, Tuvalu
75%
-EO,-AYMontevideo, Uruguay
75%
-CE,-TIPort au Prince, Haiti
75%
-AA,-ENSana'a, Yemen
75%
-NH,-IAPhnom Penh, Cambodia
67%
-VA,-JISuva, Fiji
58%
-RS,-IAAlgiers, Algeria
50%
-AU,-AUBissau, Guinea-Bissau
50%
-RY,-EAConakry, Guinea
50%
-BA,-ANJuba, South Sudan
50%
-UM,-ANKhartoum, Sudan
50%
-BY,-EAPort Moresby, Papua New Guinea
50%
-EI,-ANTaipei, Taiwan
42%
-BI,-ESAbu Dhabi, United Arab Emirates
25%
-VO,-NASarajevo, Bosnia and Herzegovina
25%
-KA,-IALusaka, Zambia
17%

Score Distribution

Percentile by Number Answered

Percent of People with Each Score

Your Score History

You have not taken this quiz